000 00716nam a2200289Ia 4500
005 20260324122650.0
008 008 260324s9999 xx 000 0 eng d
020 _a9780203129784
037 _aEBOOK
040 _aCRL
040 _beng
040 _cCRL
041 _2eng
041 _aeng
084 _qCRL
100 _aCharles McCann
_91167329
245 0 _aOrder and Control in American Socio-Economic Thought
245 0 _bSocial Scientists and Progressive-Era Reform
260 _bTaylor and Francis
260 _c2012
365 _a
365 _b240
856 _uhttp://www.taylorfrancis.com/books/9780203129784
942 _cEBOOK
999 _c1760255
_d1760255